01621nam a2200193Ia 4500008004100000020001500041050002100056082003200077100003600109245005900145250001700204260003400221300001800255504030700273505074600580650004101326650002201367650003801389120905s9999 xx 000 0 und d a968243792X aKGF409bG65 1990 a340.5 Q644e 1990 reimp 2007 aGonzález, Juan Antonioeautor aElementos de Derecho Civilc / Juan Antonio González a7a edición aMéxicoc : Trillasb , 1990 a208 páginas aIncluye: Dedicatoria Presentación Palabras preliminares Advertencia a la sexta edición Advertencia a la segunda edición Advertencia a la tercera edición Advertencia a la cuarta edición Advertencia a la quinta edición Índice de contenido Bibliografía (página 200) Índice analítico  aEl hombre y la sociedad Normatividad de la conducta humana La ley Fuentes del derecho Clasificación general del derecho Los actos jurídicos Las personas Personas morales o jurídicas Incapacidad Registro civil La familia La patria potestad Tutela El matrimonio Pensión alimenticia Los bienes Los derechos reales La propiedad Los demás derechos reales y la posesión Las obligaciones Las fuentes de las obligaciones Transmisión de las obligaciones Medios de extinsión de las obligaciones Contratos. Régimen general Contratos en particular Contratos transmisiones del dominio Contratos transmisiones del uso Contratos de prestación de servicios Contratos para la realización Contratos aleatorios Los contratos de garantía 0aOBLIGACIONESxTEORÍA - ENSEÑANZA 0aACTOS JURÍDICOS 0aCONTRATOSxTEORÍA - ENSEÑANZA